Name the Signature Fast Food Item - Statistics

General Stats
  • This quiz has been taken 26 times
    4 since last reset
  • The average score is 4 of 18
Answer Stats
Fast food place Item % Correct
McDonald's Big Mac
100%
Burger King Whopper
100%
Wendy's Baconator
33%
Chipotle Burrito Bowl
33%
Dunkin' Donuts
33%
Subway Footlong Sub
33%
Domino's Pepperoni Pizza
33%
Jack in the Box Tacos
33%
Five Guys Bacon Cheeseburger
0%
Arby's Beef 'n Cheddar
0%
Chick-fil-A Chicken Sandwich
0%
Sonic Drive-In Chili Cheese Hot Dog
0%
Taco Bell Crunchwrap Supreme
0%
In-N-Out Burger Double-Double
0%
KFC Fried Chicken
0%
Pizza Hut Pan Pizza
0%
Starbucks Pumpkin Spice Latte
0%
Popeyes Spicy Chicken Sandwich
0%
No matching quizzes found
Score Distribution
Percent of People with Each Score
Percentile by Number Answered
Your Score History
You have not taken this quiz since the last reset